|
|
|
|
| LEADER |
00000cam a2200000 i 4500 |
| 001 |
1/1963 |
| 008 |
000419s1996 eng d |
| 020 |
|
|
|a 0471110566
|
| 035 |
|
|
|l 10060225
|
| 040 |
|
|
|a GR-MY-UA
|b gre
|e aacr
|
| 041 |
0 |
|
|a eng
|
| 082 |
0 |
|
|a 647.940683
|
| 100 |
1 |
|
|a Go, Frank M.
|
| 245 |
1 |
0 |
|a Human resource management in the hospitality industry /
|c Frank M. Go, Mary L. Monachello, Tom Baum
|
| 260 |
|
|
|a New York :
|a Chichester :
|b Wiley,
|c c1996
|
| 300 |
|
|
|a xvii, 330 p.;
|b ill.;
|c 25 cm.
|
| 504 |
|
|
|a Includes bibliographical references and index
|
| 650 |
0 |
0 |
|a Hospitality industry
|x Personnel management.
|
| 700 |
1 |
|
|a Monachello, Mary L.
|
| 700 |
1 |
|
|a Baum, Tom.
|
| 852 |
|
|
|a INST
|b CHIOS
|e 20000419
|h 647.940683 GO
|p 005200018872
|q 005200018872
|t BK
|y 0
|
| 901 |
|
|
|a BIBL2-2000-2
|
| 909 |
|
|
|a Χ
|b 072528
|
| 922 |
|
|
|a 2ΕΛΗ
|b 199912
|c ΤΔΕ
|d ΠΑΠΑΣΩΤΗΡΙΟΥ
|
| 970 |
|
|
|z 2000/04/ΜΙΧΑΗΛΙΔΟΥ ΑΝΝΑ
|